000
00345 a2200169 4500
001
161794
020
_a
040
_c
Magnum
100
_a
Póvoa, Liberato
240
1
0
_a
O senhor do tempo
_l
por
245
1
0
_a
O senhor do tempo
300
_a
56
362
0
_a
1995
440
1
_a
Lê
697
_a
LITERATURA INFANTO-JUVENIL
942
_c
BK
999
_c
161794
_d
161794